[Event "Catalunya Valles West-ch U10"]
[Site "Catalunya"]
[Date "2013.02.02"]
[Round "2.1"]
[White "Briet Roura, Arnau"]
[Black "Ramon Herraez, Alex"]
[Result "0-1"]
[WhiteElo "1700"]
[BlackElo "1831"]
[PlyCount "112"]
[EventDate "2013.01.26"]
[EventType "swiss"]
[EventRounds "6"]
[EventCountry "ESP"]
[SourceTitle "EXT 2024"]
[Source "ChessBase"]
[SourceDate "2023.10.10"]
[SourceVersion "1"]
[SourceVersionDate "2023.10.10"]
[SourceQuality "1"]

1. e4 d5 2. d3 dxe4 3. dxe4 Qxd1+ 4. Kxd1 e6 5. h4 Be7 6. Nc3 c5 7. Bb5+ Bd7 8. Nf3 Nc6 9. a4 b6 10. Be3 Nf6 11. Ke2 0-0 12. Ra3 Rad8 13. Rha1 c4 14. b3 Bxa3 15. Rxa3 cxb3 16. cxb3 Na5 17. e5 Bxb5+ 18. axb5 Nd5 19. Kd2 Nxc3+ 20. Kxc3 Rd5 21. Kb4 Nb7 22. g4 Nc5 23. h5 Nd3+ 24. Ka4 Nxe5 25. Nxe5 Rxe5 26. f4 Rxe3 27. g5 Re4+ 28. b4 Rxf4 29. Kb3 Rf3+ 30. Ka2 Rxa3+ 31. Kxa3 Rd8 32. h6 Rd5 33. Ka4 Rxg5 34. hxg7 Kxg7 35. Ka3 h5 36. Ka4 h4 37. Kb3 h3 38. Kb2 h2 39. Kc2 h1Q 40. Kd2 Rg2+ 41. Kd3 Qh3+ 42. Kd4 Rg4+ 43. Ke5 Qh5+ 44. Kd6 Rd4+ 45. Kc7 Qe5+ 46. Kb7 Qxb5 47. Kxa7 Rxb4 48. Kb8 Rc4 49. Kb7 f5 50. Ka7 Ra4+ 51. Kb8 f4 52. Kc8 f3 53. Kd8 f2 54. Kc7 f1Q 55. Kd6 Ra7 56. Kxe6 Qf6# 0-1